000 00663nas a2200217 4500
001 BR9505546
003 BR-BrBNA
005 20231205094432.0
007 ta
008 230509b bl.|||p| |||| 00| 00por d
040 _aBR-BrBNA
_bpor
_cBiblioteca Nacional de Agricultura
041 _a(Pt)
072 _aL70
100 1 _aValente, F. de A.T.
245 1 _aNormas para a coleta de material para exame laboratorial
650 _aSUÍNO
650 _aAnalise de Laboratorio
773 0 _tChacaras e Quintais. Agricultura e Pecuaria (Brazil)
_x
_g(Jul 1966), v. 59(703) p. 12-14
_wBR9505546
909 _a202311
_bLúcia
_c55
_dLúcia Elande
942 _2AGRIS
_n0
_cANA
999 _c144300
_d144300